Statistiken für Bundesrepublik Deutschland WM-Kader 1990

Klicken Sie hier um das Quiz zu spielen!

Allgemein

  • Dieses Quiz wurde 271 mal gespielt
  • Das Durchschnittsergebnis liegt bei 13 aus 23

Antwortstatistiken

SpielpositionVereinSpieler% Korrekt
MittelfeldspielerInternazionaleLothar Matthäus
94%
Bundestrainer/Franz Beckenbauer
89%
StürmerRomaRudi Völler
85%
StürmerInternazionaleJürgen Klinsmann
84%
AbwehrInternazionaleAndreas Brehme
81%
Torhüter1. FC KölnBodo Illgner
71%
Torhüter1. FC NürnbergAndreas Köpke
67%
Mittelfeldspieler1. FC KölnPierre Littbarski
63%
AbwehrFC Bayern MünchenJürgen Kohler
59%
AbwehrFC Bayern MünchenKlaus Augenthaler
58%
AbwehrVfB StuttgartGuido Buchwald
56%
Mittelfeldspieler1. FC KölnThomas Häßler
55%
StürmerWerder BremenKarl-Heinz Riedle
54%
MittelfeldspielerBorussia DortmundAndreas Möller
50%
TorhüterFC Bayern MünchenRaimond Aumman
50%
MittelfeldspielerEintracht FrankfurtUwe Bein
46%
AbwehrRomaThomas Berthold
45%
MittelfeldspielerFC Bayern MünchenOlaf Thon
44%
AbwehrFC Bayern MünchenStefan Reuter
39%
StürmerBorussia DortmundFrank Mill
34%
Abwehr1. FC KölnPaul Steiner
29%
AbwehrFC Bayern MünchenHans Pflügler
28%
MittelfeldspielerWerder BremenGünter Hermann
25%

Verteilung der Resultate

Perzentil nach korrekt beantworteten Fragen

Anzahl Personen mit jedem Resultat

Ihre Resultats-Entwicklung

Sie haben dieses Quiz noch nicht gespielt